Analysing the impact of working capital management on profitability: a study of construction companies / (Record no. 231657)
[ view plain ]
| 000 -LEADER | |
|---|---|
| fixed length control field | 00792nam a22001937a 4500 |
| 003 - CONTROL NUMBER IDENTIFIER | |
| control field | OSt |
| 005 - DATE AND TIME OF LATEST TRANSACTION | |
| control field | 20240830121037.0 |
| 008 - FIXED-LENGTH DATA ELEMENTS--GENERAL INFORMATION | |
| fixed length control field | 240830b ||||| |||| 00| 0 eng d |
| 040 ## - CATALOGING SOURCE | |
| Transcribing agency | AIMIT LIBRARY |
| 100 ## - MAIN ENTRY--PERSONAL NAME | |
| Personal name | Farzana N A, Fathimath |
| Relator term | 2216057 |
| 9 (RLIN) | 178252 |
| 245 ## - TITLE STATEMENT | |
| Title | Analysing the impact of working capital management on profitability: a study of construction companies / |
| Remainder of title | study of construction companies / |
| Statement of responsibility, etc. | By Fathimath Farzana N A ; Guided by Rajani Suresh. |
| 260 ## - PUBLICATION, DISTRIBUTION, ETC. | |
| Place of publication, distribution, etc. | Bangalore ; |
| Date of publication, distribution, etc. | 2024. |
| 650 ## - SUBJECT ADDED ENTRY--TOPICAL TERM | |
| Topical term or geographic name entry element | Industry profile company profile and introduction to study |
| 9 (RLIN) | 178253 |
| 650 ## - SUBJECT ADDED ENTRY--TOPICAL TERM | |
| Topical term or geographic name entry element | Research methodology |
| 9 (RLIN) | 178254 |
| 650 ## - SUBJECT ADDED ENTRY--TOPICAL TERM | |
| Topical term or geographic name entry element | Data analysis and interpretation |
| 9 (RLIN) | 178255 |
| 700 ## - ADDED ENTRY--PERSONAL NAME | |
| Personal name | Suresh, Rajani. |
| Relator term | Guide |
| 9 (RLIN) | 178256 |
| 856 ## - ELECTRONIC LOCATION AND ACCESS | |
| Materials specified | NSL Constructions private limited |
| 942 ## - ADDED ENTRY ELEMENTS (KOHA) | |
| Source of classification or shelving scheme | Dewey Decimal Classification |
| Koha item type | Project Report |
| Withdrawn status | Lost status | Source of classification or shelving scheme | Damaged status | Not for loan | Collection code | Home library | Current library | Shelving location | Date acquired | Total Checkouts | Barcode | Date last seen | Copy number | Price effective from | Koha item type |
|---|---|---|---|---|---|---|---|---|---|---|---|---|---|---|---|
| Dewey Decimal Classification | Not for loan | Project Report MBA | St Aloysius Institute of Management & Information Technology | St Aloysius Institute of Management & Information Technology | Dissertations | 08/30/2024 | PRB02271 | 08/30/2024 | 2216057 | 08/30/2024 | Project Report |